000 00430nam a2200181Ia 4500
001 23840
008 140410s9999 xx 000 0 und d
020 _a1-86152-536-2
040 _cPK-LaUMT
082 _a 657.42
_bDRU-M
100 _aColin Drury
245 _aManagement & cost accounting
_cColin Drury
250 _a5th
260 _aAustralia:
_bBusiness Press,
_c2000
300 _a1194 p.
546 _aEN
942 _cBK
999 _c24055
_d24055